| 000 | 00797nmc a2200301 a 4500 | ||
|---|---|---|---|
| 003 | AR-BaBNM | ||
| 005 | 20251128203726.0 | ||
| 008 | 146119s1991 ||||||||||||||000 | spa|| | ||
| 020 | _a84-206-1033-X | ||
| 040 | _cAR-BaBNM | ||
| 100 | 1 | _aProust, Marcel | |
| 245 | 1 | 0 |
_aEn busca del tiempo perdido _bA la sombra de las muchachas en flor. 2 |
| 250 | _a1ยช ed. | ||
| 260 |
_aMadrid _bAlianza Editorial _c1991 |
||
| 300 | _a596 p. | ||
| 490 | 0 |
_aBiblioteca de Autor _vv. 571 |
|
| 650 | 4 | _aLITERATURA FRANCESA | |
| 650 | 4 | _aESCRITORES | |
| 650 | 4 | _aVIDA LITERARIA | |
| 653 | _aNATURALISMO | ||
| 653 | _aNARRATIVA | ||
| 653 | _aNOVELA PSICOLOGICA | ||
| 653 | _aINNOVACION LITERARIA | ||
| 655 | _aLITERATURA | ||
| 700 | 1 |
_aSalinas, Pedro _etraductor |
|
| 942 | _cBK | ||
| 998 | _cMARTIN | ||
| 999 |
_c4655 _d4655 |
||